00670cam a22002291 4500001001300000003000400013005001700017008004100034010001700075035002000092040001700112042001200129050001600141100004400157245011100201260003600312300001700348500001500365650002300380700002000403999001700423sa 64008886 DLC20260227112057.0831227s1963 pk 000 0 ben  asa 64008886  a(OCoLC)21629605 aDLCcCUdDLC apremarc00aPK1713b.H61 aHosena, Saiẏada Ānoẏāra,d1934-10aSvākshara.bSaṃkalana.cSaiẏada Ānoẏāra Hosena ebaṃ Kājī Mujibura Rahamāna sampādita aKarācī,bKathākali,c1963 a77 p.c25 cm aIn Bengali 0aBengali literature1 aRahman, Mujibur c61089d61089